| 000 | 01174nam0a22002531 4500 | ||
|---|---|---|---|
| 001 | rc\144653 | ||
| 005 | 20250620205256.0 | ||
| 035 | _a(NLR Aleph) 005414841 | ||
| 090 |
_a7412508 _c7412508 |
||
| 100 | _a20030307d1995 |||y0rusy50 ca | ||
| 101 | 0 | _arus | |
| 102 | _aRU | ||
| 105 | _aa ||||||||| | ||
| 200 | 1 |
_aМоделирование тепловых условий функционирования летательных аппаратов _e[Учеб. пособие по курсу "Конструирование спецмашин и устройств"] _fВит. И. Никитенко, О.Н. Тушев, Вяч. И. Никитенко _gПод ред. С.В. Челомея _gМоск. гос. техн. ун-т им. Н.Э. Баумана |
|
| 210 |
_aМ. _cИзд-во МГТУ _d1995 |
||
| 215 |
_a[1], 35, [1] с. _cил. _d20 |
||
| 700 | 1 |
_aНикитенко _bВ.И. _gВиталий Иванович |
|
| 701 | 1 |
_aТушев _bО.Н. _gОлег Николаевич |
|
| 701 | 1 |
_aНикитенко _bВ.И. _gВячеслав Иванович |
|
| 801 | 0 |
_aRU _bNLR _gpsbo |
|
| 801 | 1 |
_aRU _bELAR _2rusmarc |
|
| 852 |
_aNLR _j95-4/6386 |
||
| 942 | _cBOOK | ||
| 980 | _aNB | ||